Drying distortion of timber (Record no. 112289)

MARC details
000 -LEADER
fixed length control field 00815cam a22002415a 4500
001 - CONTROL NUMBER
control field E152948
008 - FIXED-LENGTH DATA ELEMENTS--GENERAL INFORMATION
fixed length control field 110517s2010 xxk f 000 0 eng d
020 ## - INTERNATIONAL STANDARD BOOK NUMBER
International Standard Book Number 9781848061361
035 ## - SYSTEM CONTROL NUMBER
System control number (Sirsi) u152948
041 0# - LANGUAGE CODE
Language code of text/sound track or separate title eng
100 1# - MAIN ENTRY--PERSONAL NAME
Personal name Reynolds, Tim
245 00 - TITLE STATEMENT
Title Drying distortion of timber
Remainder of title guidance on selection, conditioning and handling
260 ## - PUBLICATION, DISTRIBUTION, ETC.
Place of publication, distribution, etc. Garston
Name of publisher, distributor, etc. BRE
Date of publication, distribution, etc. 2010
300 ## - PHYSICAL DESCRIPTION
Extent 6p.
Other physical details col. ill.
Dimensions 30cm.
490 #0 - SERIES STATEMENT
Series statement BRE Digest
Volume/sequential designation DG 514
520 ## - SUMMARY, ETC.
Summary, etc. Looks at the reasons for drying distortion in timber and offers guidance on avoiding such distortion through care in selection, conditioning and installation of timber.
521 ## - TARGET AUDIENCE NOTE
Target audience note Advanced
590 ## - LOCAL NOTE (RLIN)
Local note KA
651 #4 - SUBJECT ADDED ENTRY--GEOGRAPHIC NAME
Geographic name United Kingdom
Chronological subdivision
690 ## - LOCAL SUBJECT ADDED ENTRY--TOPICAL TERM (OCLC, RLIN)
Topical term or geographic name as entry element BUILT ENVIRONMENT-BUILDING MATERIALS-TIMBER
700 1# - ADDED ENTRY--PERSONAL NAME
Personal name Holland, Chris
942 ## - ADDED ENTRY ELEMENTS (KOHA)
Suppress in OPAC 0
Holdings
Withdrawn status Lost status Source of classification or shelving scheme Damaged status Not for loan Home library Current library Shelving location Date acquired Total Checkouts Full call number Barcode Date last seen Copy number Price effective from Koha item type
    Dewey Decimal Classification     London London BRE publications 17/05/2011   BRE 30075563 06/08/2019 1 06/08/2019 Reference material